Bienvenue au Catalogue en Ligne des Bibliothèques de l'Universite du Burundi

Normal view MARC view

Entry Personal Name

Number of records used in: 1

001 - CONTROL NUMBER

  • control field: 106419

003 - CONTROL NUMBER IDENTIFIER

  • control field: BI-BuBU

005 - DATE AND TIME OF LATEST TRANSACTION

  • control field: 20150202112122.0

008 - FIXED-LENGTH DATA ELEMENTS

  • fixed length control field: 150202|||a|||||| | ||| d

040 ## - CATALOGING SOURCE

  • Original cataloging agency: BI-BuBU
  • Transcribing agency: BI-BuBU

100 ## - HEADING--PERSONAL NAME

  • Personal name: Kabwigiri, Charles

670 ## - SOURCE DATA FOUND

  • Source citation: Work cat.: (BI-BuBU): aut. Hakizimana, Josiane 106415, L'entrépreneuriat social au Burundi, 2014

670 ## - SOURCE DATA FOUND

  • Source citation: Work cat.: (BI-BuBU): aut. Hakizimana, Josiane 106415, L'entrépreneuriat social au Burundi, 2014
© 2019-2026 - Bibliothèques de l'Université du Burundi |Tous droits réservés
home | Pour toute information urgente Contactez nous | tel whatsupp: +25779204313